Zmizet /
Tři novely současné české autorky, držitelky ceny Jiřího Ortena za rok 2007.
Uloženo v:
| Hlavní autor: | |
|---|---|
| Médium: | E-kniha |
| Jazyk: | Czech |
| Vydáno: |
Brno :
Host,
2009
|
| Vydání: | Vyd. 1. |
| Témata: | |
| Tagy: |
Žádné tagy |
| LEADER | 02138cam a2200349 a 4500 | ||
|---|---|---|---|
| 001 | 291900 | ||
| 003 | CZ PrSKC | ||
| 005 | 20260407070737.0 | ||
| 007 | ta | ||
| 008 | 090526s2009 xr a g 000 j cze d | ||
| 015 | |a cnb001930489 | ||
| 020 | |a 9788072943173 |q (váz.) | ||
| 035 | |a (OCoLC)428368887 | ||
| 040 | |a KLG001 |b cze |d BOA001 | ||
| 072 | 7 | |a 821.162.3-3 |x Česká próza |2 Konspekt | |
| 080 | |a 821.162.3-32 |2 MRF | ||
| 080 | |a (0:82-32) |2 MRF | ||
| 100 | 1 | |a Soukupová, Petra, |d 1982- |7 xx0067507 |4 aut | |
| 245 | 1 | 0 | |a Zmizet / |c Petra Soukupová ; [ilustrace Milan Soukup] |
| 250 | |a Vyd. 1. | ||
| 260 | |a Brno : |b Host, |c 2009 | ||
| 300 | |a 340 s. : |b il. (některé barev.) ; |c 21 cm | ||
| 500 | |a V roce 2017 dotisk | ||
| 520 | 2 | |a Tři novely současné české autorky, držitelky ceny Jiřího Ortena za rok 2007. | |
| 520 | 2 | |a Ve třech příbězích popisuje autorka mezní rodinné situace, které dají rodinám nový směr. V první novele je to chvíle, kdy vypravěč, malý chlapec celoživotně soupeří se svým starším bratrem o přízeň rodičů. V klukovské potyčce utíká před svými pronásledovateli a vběhne pod auto. Kvůli těžkému úrazu přichází o nohu a tím získává větší pozornost rodičů. Naopak starší bratr se náhle ztrácí. Zpočátku se zdá, že možná utekl z domova, právě kvůli současné rodičovské nepřízni, po čase je však jasné, že jde o něco mnohem vážnějšího. I druhý a třetí příběh reflektuje niterné rodinné vztahy a sourozenecká pouta, která ani tady nejsou příliš silná. | |
| 655 | 7 | |a české povídky |7 fd133971 |2 czenas | |
| 655 | 9 | |a Czech short stories |2 eczenas | |
| 900 | |a ABA001 |b 17 | ||
| 044 | |a xr | ||
| 910 | |a RBIT002 | ||
| 998 | |d 236 |a https://core.palmknihy.cz/api/books/236/cover?pc9pq4 |b https://core.palmknihy.cz/api/books/236/cover/400?eeuf2e |c https://core.palmknihy.cz/api/books/236/cover/50?rnxiv9 |e 2028-12-31 |g 344 |i 9788072943173 |j https://core.palmknihy.cz/api/books/236/preview.epub |k https://core.palmknihy.cz/api/books/236/preview.pdf |l |q 49 |r 1 |s https://www.palmknihy.cz/kniha/236 |t ebook |y 2009 |z 0 | ||
| 999 | |d 291898 | ||